D.Pharma Exit Exam (Record no. 13779)
[ view plain ]
| 000 -LEADER | |
|---|---|
| fixed length control field | 00514nam a22002177a 4500 |
| 003 - CONTROL NUMBER IDENTIFIER | |
| control field | OSt |
| 008 - FIXED-LENGTH DATA ELEMENTS--GENERAL INFORMATION | |
| fixed length control field | 260112b |||||||| |||| 00| 0 eng d |
| 020 ## - INTERNATIONAL STANDARD BOOK NUMBER | |
| International Standard Book Number | 9788119613021 |
| 082 ## - DEWEY DECIMAL CLASSIFICATION NUMBER | |
| Classification number | 619.107 KAD |
| 100 ## - MAIN ENTRY--PERSONAL NAME | |
| Personal name | Kaushik, Rahul |
| 245 ## - TITLE STATEMENT | |
| Title | D.Pharma Exit Exam |
| 250 ## - EDITION STATEMENT | |
| Edition statement | 1st |
| 260 ## - PUBLICATION, DISTRIBUTION, ETC. (IMPRINT) | |
| Place of publication, distribution, etc | N.Delhi |
| Name of publisher, distributor, etc | I.P Innovative |
| Date of publication, distribution, etc | 2025 |
| 300 ## - PHYSICAL DESCRIPTION | |
| Extent | xviii,613 |
| 650 ## - SUBJECT ADDED ENTRY--TOPICAL TERM | |
| Topical term or geographic name as entry element | General Books |
| 700 ## - ADDED ENTRY--PERSONAL NAME | |
| Personal name | Kashyap, Neha |
| 700 ## - ADDED ENTRY--PERSONAL NAME | |
| Personal name | Sharma, Vikas |
| 700 ## - ADDED ENTRY--PERSONAL NAME | |
| Personal name | Rawat, Akansha |
| 942 ## - ADDED ENTRY ELEMENTS (KOHA) | |
| Source of classification or shelving scheme | Dewey Decimal Classification |
| Koha item type | Text Books |
| Withdrawn status | Lost status | Source of classification or shelving scheme | Damaged status | Not for loan | Collection code | Home library | Current library | Date acquired | Source of acquisition | Currency | Cost, normal purchase price | Bill Number | Total Checkouts | Full call number | Acc. no. / Barcode | Date last seen | Actual Cost, discounted price | Bill Date | Koha item type |
|---|---|---|---|---|---|---|---|---|---|---|---|---|---|---|---|---|---|---|---|
| Dewey Decimal Classification | Diploma in Pharmacy | PIET C-LIBRARY | PIET C-LIBRARY | 08/01/2026 | Zafaa Books Distributres | Indian Rup | 1095.00 | ZBD0373 | 619.107 KAD | DP1499 | 12/01/2026 | 821.25 | 04/01/2026 | Reference Books | |||||
| Dewey Decimal Classification | Diploma in Pharmacy | PIET C-LIBRARY | PIET C-LIBRARY | 08/01/2026 | Zafaa Books Distributres | Indian Rup | 1095.00 | ZBD0373 | 619.107 KAD | DP1500 | 12/01/2026 | 821.25 | 04/01/2026 | Text Books |